|
|
|
|
| LEADER |
00000nam0a2200000 4500 |
| 001 |
62217 |
| 005 |
20231031063308.0 |
| 035 |
|
|
|a (RuTPU)RU\TPU\book\65950
|
| 090 |
|
|
|a 62217
|
| 100 |
|
|
|a 20040406d1979 km y0rusy50 ca
|
| 101 |
0 |
|
|a rus
|
| 102 |
|
|
|a UA
|
| 105 |
|
|
|a a z 001zy
|
| 200 |
1 |
|
|a Обобщенная оптимизация электронных схем
|f И. С. Каширский, Я. К. Трохименко
|
| 210 |
|
|
|a Киев
|c Технiка
|d 1979
|
| 215 |
|
|
|a 192 с.
|c ил.
|
| 320 |
|
|
|a Библиогр.: с. 191-192
|
| 610 |
1 |
|
|a электронные схемы
|
| 610 |
1 |
|
|a вычислительные машины
|
| 610 |
1 |
|
|a расчеты
|
| 610 |
1 |
|
|a оптимизация
|
| 610 |
1 |
|
|a математические модели
|
| 610 |
1 |
|
|a инерционные цепи
|
| 610 |
1 |
|
|a безынерционные цепи
|
| 675 |
|
|
|a 621.38.061
|v 3
|
| 700 |
|
1 |
|a Каширский
|b И. С.
|g Игорь Серафимович
|
| 701 |
|
1 |
|a Трохименко
|b Я. К.
|g Ярослав Карпович
|
| 801 |
|
1 |
|a RU
|b 63413507
|c 20040406
|g PSBO
|
| 801 |
|
2 |
|a RU
|b 63413507
|c 20150520
|g PSBO
|
| 942 |
|
|
|c BK
|